[Event "Mazowiec-chT op 1617"]
[Site "Warsaw"]
[Date "2017.02.05"]
[Round "9.9"]
[White "Sen, Tymoteusz"]
[Black "Skorza, Konrad"]
[Result "0-1"]
[WhiteElo "1267"]
[BlackElo "1819"]
[PlyCount "68"]
[EventDate "2016.12.11"]
[EventType "team-swiss"]
[EventRounds "10"]
[EventCountry "POL"]
[SourceTitle "EXT 2019"]
[Source "ChessBase"]
[SourceDate "2018.10.10"]
[SourceVersion "1"]
[SourceVersionDate "2018.10.10"]
[SourceQuality "1"]

1. d4 Nf6 2. c4 e6 3. Nf3 b6 4. g3 Ba6 5. b3 Bb4+ 6. Bd2 Be7 7. Nc3 d5 8. cxd5 exd5 9. Bg2 c6 10. 0-0 0-0 11. Re1 Ne4 12. e3 Nd7 13. a4 Rc8 14. Ra2 f5 15. Bf1 Bb7 16. Qb1 Bf6 17. Rc1 c5 18. dxc5 bxc5 19. Ne1 Ne5 20. f3 d4 21. Nb5 Ng5 22. exd4 Nexf3+ 23. Kf2 Ne4+ 24. Ke2 Ng1+ 25. Kd1 Nf2+ 26. Kc2 cxd4+ 27. Kb2 Ne4 28. Bb4 d3+ 29. Ka3 d2 30. Rxc8 Bxc8 31. Nd3 Be7 32. Qd1 a6 33. Na7 Nc3 34. Qxd2 Nb1+ 0-1

[Event "Mazowiec-chT op 1617"]
[Site "Warsaw"]
[Date "2017.02.05"]
[Round "10.9"]
[White "Skorza, Konrad"]
[Black "Sen, Tymoteusz"]
[Result "1-0"]
[WhiteElo "1819"]
[BlackElo "1267"]
[PlyCount "117"]
[EventDate "2016.12.11"]
[EventType "team-swiss"]
[EventRounds "10"]
[EventCountry "POL"]
[SourceTitle "EXT 2019"]
[Source "ChessBase"]
[SourceDate "2018.10.10"]
[SourceVersion "1"]
[SourceVersionDate "2018.10.10"]
[SourceQuality "1"]

1. d4 d5 2. c4 e6 3. Nc3 Nf6 4. Bg5 Be7 5. e3 b6 6. Nf3 Bb7 7. Ne5 Nbd7 8. cxd5 Nxd5 9. Bxe7 Qxe7 10. Bb5 N5f6 11. Qa4 a6 12. Bc6 b5 13. Bxd7+ Nxd7 14. Nxb5 axb5 15. Qxb5 Rb8 16. Qa4 c6 17. 0-0 Nxe5 18. dxe5 0-0 19. Qa7 Qg5 20. f4 Qf5 21. Qc5 Rfd8 22. Rad1 Ba8 23. Qe7 Rd3 24. Qc7 Rf8 25. h3 Qe4 26. Rxd3 Qxd3 27. Rf3 Qb1+ 28. Kh2 Qxb2 29. Rg3 Qc2 30. h4 h6 31. Qe7 Qf5 32. a4 Rc8 33. Qd7 Rf8 34. Qd4 Qb1 35. a5 Qb5 36. f5 exf5 37. e6 g6 38. Qf6 c5 39. exf7+ Rxf7 40. Rxg6+ Kf8 41. Qd8+ Qe8 42. Rg8+ Kxg8 43. Qxe8+ Rf8 44. Qg6+ Kh8 45. Qxh6+ Kg8 46. Qg6+ Kh8 47. h5 Be4 48. Kh3 c4 49. Qh6+ Kg8 50. Qe6+ Kh8 51. g3 c3 52. Qe5+ Kg8 53. h6 Rf7 54. Qe8+ Kh7 55. Qxf7+ Kxh6 56. Qf6+ Kh5 57. Qxc3 Kg5 58. Qg7+ Kh5 59. g4+ 1-0